000 00639nam a2200217Ii 4500
003 JO-AjNU
008 230606s9999||||xx |||||||||||||| ||und||
020 _a978-0-340-958773
040 _aJO-AjNU
_beng
_erda
_cJO-AjNU
041 _aeng
050 1 4 _aPE1137.C78 2008
100 3 _aتأليفCruttenden, Alan,
_eauthor
_91597
245 0 0 _aGimson'sm Pronunciation of English
250 _a7 ed
264 3 1 _aLondon:Hodder Education,20008
300 _a362p
336 _atext
_btxt
_2rdacontent
337 _aunmediated
_bn
_2rdamedia
338 _avolume
_bnc
_2rdacarrier
650 4 _aGimson'sm Pronunciation of English-English
_91598
999 _aE838
_c838
_d838